The mysteries of Udolpho / (Record no. 20766)
[ view plain ]
| 000 -LEADER | |
|---|---|
| fixed length control field | 01028cam a2200313u 4500 |
| 001 - CONTROL NUMBER | |
| control field | 20766 |
| 003 - CONTROL NUMBER IDENTIFIER | |
| rucl marc code | BD-RjUL |
| 005 - DATE AND TIME OF LATEST TRANSACTION | |
| control field | 20211209000617.0 |
| 008 - FIXED-LENGTH DATA ELEMENTS--GENERAL INFORMATION | |
| fixed length control field | 140302s19491931enk 000 0 eng |
| 035 ## - SYSTEM CONTROL NUMBER | |
| System control number | (BD-RjUL)20828 |
| 040 ## - CATALOGING SOURCE | |
| Original cataloging agency | DLC |
| Transcribing agency | CarP |
| Modifying agency | DLC |
| -- | BD-RjUL |
| Language of cataloging | eng |
| 041 ## - LANGUAGE CODE | |
| Language code of text/sound track or separate title | eng |
| 082 ## - DEWEY DECIMAL CLASSIFICATION NUMBER | |
| Classification number | 823.914 |
| Author mark and year | RAM V-2 1949 |
| 100 1# - MAIN ENTRY--PERSONAL NAME | |
| Personal name | Radcliffe, Ann, |
| Dates associated with a name | 1764-1823. |
| 9 (RLIN) | 64122 |
| 245 14 - TITLE STATEMENT | |
| Title | The mysteries of Udolpho / |
| Statement of responsibility, etc. | Ann Radcliffe. |
| Number of part/section of a work | Volume Two |
| 260 ## - PUBLICATION, DISTRIBUTION, ETC. (IMPRINT) | |
| Place of publication, distribution, etc. | London ; |
| -- | New York : |
| Name of publisher, distributor, etc. | J. M. Dent & sons, ltd.; |
| -- | E. P. Dutton & co., inc., |
| Date of publication, distribution, etc. | [Reprinted 1949]. |
| 300 ## - PHYSICAL DESCRIPTION | |
| Pagination | 2 v. ; |
| Size | 18 cm. |
| 650 #0 - SUBJECT ADDED ENTRY--TOPICAL TERM | |
| Topical term or geographic name as entry element | Inheritance and succession |
| Form subdivision | Fiction. |
| 9 (RLIN) | 42368 |
| Topical term or geographic name as entry element | Guardian and ward |
| Form subdivision | Fiction. |
| 9 (RLIN) | 63180 |
| Topical term or geographic name as entry element | Young women |
| Form subdivision | Fiction. |
| 9 (RLIN) | 64123 |
| Topical term or geographic name as entry element | Orphans |
| Form subdivision | Fiction. |
| 9 (RLIN) | 42358 |
| Topical term or geographic name as entry element | Castles |
| Form subdivision | Fiction. |
| 9 (RLIN) | 63182 |
| 651 #0 - SUBJECT ADDED ENTRY--GEOGRAPHIC NAME | |
| Geographic name | Italy |
| Form subdivision | Fiction. |
| 9 (RLIN) | 61627 |
| 942 ## - ADDED ENTRY ELEMENTS (KOHA) | |
| Source of classification or shelving scheme | Dewey Decimal Classification |
| Koha item type | Books |
| Lost status | Source of classification or shelving scheme | Damaged status | Not for loan | Collection code | Permanent Location | Current Location | Shelving location | Date acquired | Source of acquisition | Cost, normal purchase price | Total Checkouts | Full call number | Date last seen | Copy number | Koha item type |
|---|---|---|---|---|---|---|---|---|---|---|---|---|---|---|---|
| Dewey Decimal Classification | Added to bundle | Fiction | Central Library, University of Rajshahi | Central Library, University of Rajshahi | Reading Room | 21/09/1955 | B. H. Bluckwell | 55.00 | 823.914 RAM V-2 1949 | 02/03/2014 | C-1 | Books |